Peuples de l’Empire Russe - Statistiques

Statistiques générales
  • Ce quiz a été pris 148 fois
    146 depuis la dernière actualisation
  • Le résultat moyen est 6 sur 15
Statistiques - réponses
Nationalités % % Correct
Russes 44,32
85%
Ukrainiens 17,81
79%
Polonais 6,71
67%
Finlandais 2,78
63%
Arméniens 0,93
57%
Géorgiens 1,07
55%
Lituanien 1,23
46%
Mongols 0,28
41%
Lettons 1,23
40%
Allemands 1,46
39%
Juifs 4,03
17%
Iraniens 0,62
10%
Autres 0,73
1%
Peuple du Caucase 1,34
0%
Population Turcs 10,82
0%
Aucun quiz correspondant
Distribution des résultats
% des personnes avec chaque résultat
Percentile par nombre de réponses
Votre historique - résultats
Vous n’avez pas pris ce quiz depuis la dernière actualisation